| 000 | 00380nam a2200145Ia 4500 | ||
|---|---|---|---|
| 008 | 230917s9999||||xx |||||||||||||| ||und|| | ||
| 040 |
_e151705 _aMAIN |
||
| 041 | _aEnglish | ||
| 082 | _a294.1 C392V | ||
| 100 | _aChaturvedi, Shiv Dutt Sharma | ||
| 245 | 0 | _aVedic varna vyavstha aur shradhd | |
| 260 |
_aVaranasi _bKishor Vidya Niketan _c1979 |
||
| 300 | _a72p p. | ||
| 942 | _cBK | ||
| 999 |
_c200656 _d200656 |
||